| 000 | 00489nam a2200205Ia 4500 | ||
|---|---|---|---|
| 003 | 0100 | ||
| 008 | 130303s9999 xx 000 0 und d | ||
| 020 | _a0521476763 | ||
| 040 | _cARRUPELIB | ||
| 050 | _aB693.Z7C36 1996 | ||
| 245 | 4 | _aThe Cambridge companion to Plotinus | |
| 260 | _aNew York | ||
| 260 | _bCambridge University Press | ||
| 260 | _C1996 | ||
| 300 | _axiii | ||
| 300 | _b 462 p. 23 cm | ||
| 650 | _aPHILOSOPHY | ||
| 700 | _aGerson, Lloyd P. (tr.) | ||
| 942 | 0 | 0 | _01 |
| 999 |
_c13118 _d13118 |
||